Vechi ekonomičeskoj mysli teorija otraslevych rynkov

Salvato in:
Dettagli Bibliografici
Altri autori: Sluckij, A. G.
Natura: Libro
Lingua:russo
Pubblicazione: Sankt-Peterburg Ekonomičeskaja škola 2003
Serie:Biblioteka Ekonomičeskoj školy vypusk 27
Soggetti:
Tags: Aggiungi Tag
Nessun Tag, puoi essere il primo ad aggiungerne!!

MARC

LEADER 00000nam$a2200000$$$4500
001 0065257
005 20240104133104.7
020 |a 5-900428-76-1 
041 0 |a rus 
044 |a RU 
245 1 0 |a Vechi ekonomičeskoj mysli  |b teorija otraslevych rynkov  |c redaktor: A. G. Sluckij ... [et al.] 
264 1 |a Sankt-Peterburg  |b Ekonomičeskaja škola  |c 2003 
300 |a 668 s. 
490 1 |a Biblioteka Ekonomičeskoj školy  |v vypusk 27 
830 0 |a Biblioteka Ekonomičeskoj školy  |v vypusk 27 
610 2 0 |a teória trhu 
610 2 0 |a trh 
610 2 0 |a teórie ekonomické 
610 2 0 |a oligopoly 
610 2 0 |a produkty 
610 2 0 |a reklama 
610 2 0 |a firmy 
610 2 0 |a koordinácia 
610 2 0 |a inovácia 
610 2 0 |a konkurencia 
610 2 0 |a politika protimonopolná 
700 1 |a Sluckij, A. G.